| Поле | Название | Значение |
| |
Тип записи |
a |
| |
Библиографический уровень |
m |
| 001 |
Контрольный номер |
RU/SLIB/B/208713337 |
| 005 |
Дата корректировки |
20201206203919.6 |
| 010 |
Индекс ISBN |
__ |
| d |
Цена |
15-00 |
| 101 |
Язык документа |
__ |
| a |
Язык текста |
rus |
| c |
Язык оригинала |
rus |
| 200 |
Заглавие и сведения об ответственности |
0_ |
| a |
Заглавие |
Народное образование Тюменской области за 50 лет Советской власти |
| f |
Первые сведения об ответственности |
П. К. Худолеев ; Отд. пропаганды и агитации Тюм. обкома КПСС |
| b |
Общее обозначение материала |
Текст |
| 210 |
Выходные данные |
__ |
| a |
Место издания |
Тюмень |
| c |
Издательство |
[б. и.] |
| d |
Дата издания |
1967 |
| 215 |
Физическое описание |
__ |
| a |
Объем |
39 с. |
| 225 |
Серия |
__ |
| a |
Серия |
В помощь лектору и пропагандисту |
| 300 |
Общие примечания |
__ |
| a |
Общие примечания |
К 50-летию Советской власти |
| 320 |
Библиография |
__ |
| a |
Библиография |
Библиогр.: с. 38 |
| 330 |
Аннотация |
__ |
| a |
Аннотация |
В издании говорится о развитии народного образования в Тюменской области за 50 лет Советской власти. Сделан исторический анализ народного просвещения до великой Октябрьской революции. Намечены перспективы дальнейшего развития образовательной системы. |
| 606 |
Тематические рубрики |
__ |
| a |
Основная рубрика |
История образования |
| a |
Основная рубрика |
Образование. Педагогика |
| y |
Географическая подрубрика |
СССР; РСФСР; Тюменская область |
| 610 |
Ключевые слова |
__ |
| a |
Ключевые слова |
краеведение; школы; лекции; народное образование; Просвещение; Октябрьская революция; народное просвещение; воспитательная работа; учителя; школы-интернаты; педагогическое образование; педагогические кадры; педагоги; учебно-воспитательная работа; учащиеся; советское образование |
| 686 |
Индексы других классификаций |
__ |
| a |
Классификационный индекс |
74.03(2) |
| 700 |
Автор |
_1 |
| a |
Фамилия |
Худолеев |
| b |
Имя |
П. К. |
| 4 |
Код отношения |
070 |
| 801 |
Источник записи |
_0 |
| a |
Страна |
RU |
| b |
Организация |
Муниципальное бюджетное учреждение культуры "Централизованная библиотечная система" г. Сургут (Центральная городская библиотека им. А. С. Пушкина) |
| g |
Правила каталогизации |
КиК/Поспелова |
| 801 |
Источник записи |
_1 |
| a |
Страна |
RU |
| b |
Организация |
Муниципальное бюджетное учреждение культуры "Централизованная библиотечная система" г. Сургут (Центральная городская библиотека им. А. С. Пушкина) |
| g |
Правила каталогизации |
КиК/Поспелова |
| 852 |
Данные о местонахождении |
__ |
| j |
Шифр хранения |
74.03(2) |
| c |
Каталожный индекс |
К74.03(2) |
| i |
Авторский знак |
Х 98 |
| p |
Инвентарный номер |
Б/Н |
| 901 |
Тип документа |
__ |
| t |
Тип документа |
m |
| 903 |
Характеристики (МАРС) |
__ |
| a |
Дата передачи |
20010725 |
| 990 |
Данные о заказе (DOS) |
__ |
| h |
N записи в КСУ для Б/У (DOS) |
200107 |
| j |
Количество экземпляров (DOS) |
1 |